| 000 | 00528nam a2200205Ia 4500 | ||
|---|---|---|---|
| 005 | 20240314100517.0 | ||
| 008 | 131103s9999 xx 000 0 und d | ||
| 040 | _aLoreto College | ||
| 041 | _aEnglish | ||
| 082 |
_a373 _bJAM |
||
| 100 | _aJames,Clarity | ||
| 245 |
_aYoung Lives At Stake, _cClarity James |
||
| 250 | _a a reappraisaal of secondary schools | ||
| 260 |
_aLondon _bCollins _c1968 |
||
| 300 | _a356 p. | ||
| 504 | _aIncludes index | ||
| 650 | _aSecondary Education | ||
| 850 | _aLCLIB | ||
| 942 | _cBK | ||
| 999 |
_c10638 _d61117 |
||